000
00321nam a22001337a 4500
020
_a
0-87392-306-0
082
_a
001
_b
LOG/W
100
_a
LOGAN, FRED
245
_a
THE WORLD OF ARTS
260
_a
CHICAGO
_b
STANDARD EDUCATIONAL CORPORATION
_c
1985
300
_a
191
650
_a
ARTS REFERENCE
_z
UNITED STATES
942
_c
BK
999
_c
1950
_d
1950